Liberalizácia podporuje vzájomný obchod

Obchodná bilancia SR s krajinami CEFTA. Výnimky v uplatnení výšky cla pre Slovinsko. Uznávanie výsledkov skúšok a certifikácie výrobkov, ktoré sú predmetom obchodu CEFTA.

Enregistré dans:
Détails bibliographiques
Format: Chapitre de livre
Langue:slovaque
Sujets:
Tags: Ajouter un tag
Pas de tags, Soyez le premier à ajouter un tag!

MARC

LEADER 00000naa a2200000 4500
001 r021903
005 20230801105337.2
041 0 |a slo 
044 |a SK 
245 1 0 |a Liberalizácia podporuje vzájomný obchod 
520 |a Obchodná bilancia SR s krajinami CEFTA. Výnimky v uplatnení výšky cla pre Slovinsko. Uznávanie výsledkov skúšok a certifikácie výrobkov, ktoré sú predmetom obchodu CEFTA. 
610 2 0 |a bilancia obchodná 
610 2 0 |a Slovensko 
610 2 0 |a Maďarsko 
610 2 0 |a Poľsko 
610 2 0 |a Česko 
610 2 0 |a obchod 
610 2 0 |a obchod zahraničný 
610 2 0 |a clá 
610 2 0 |a Slovinsko 
610 2 0 |a CEFTA 
610 2 0 |a certifikácia 
610 2 0 |a výrobky